000 00629nam a2200133Ia 4500
008 170516s9999 xx 000 0 und d
245 _aThis study seeks to add to the current literature a descriptive account of the lived experience of radiology managers' transition to, and experiences of, management roles and identifies additional resources and support that are perceived as being benefici
260 _bJournal of Medical Radiation Sciences
260 _c2016
300 _a63:2
650 _xRadiologic Technology
650 _xRadtech
856 _uhttp://onlinelibrary.wiley.com/doi/10.1111/jmrs.2016.63.issue-2/issuetoc
999 _c332925
_d332925